| 000 | 00935 a2200217 4500 | ||
|---|---|---|---|
| 003 | Nust | ||
| 005 | 20221031121152.0 | ||
| 010 | _a 74034287 | ||
| 020 | _a0871501694 | ||
| 040 | _cNust | ||
| 082 | 0 | 0 | _a510,HIL |
| 100 | 1 |
_aHildebrand, Francis H. _9101930 |
|
| 245 | 1 | 0 |
_aFinite mathematics / _cFrancis H. Hildebrand, Cheryl G. Johnson. |
| 250 | _a2nd ed. | ||
| 260 |
_aBoston : _bPrindle, Weber & Schmidt, _c[1975] |
||
| 300 |
_avii, 535 p. : _bill. ; _c25 cm. |
||
| 505 | _aAn Introduction to Logic (Page-1), An Introduction to Set Theory (Page-43), An Introductions to Vectors and Matrices (Page-76), An Introduction to Probability (Page-150), Some Topics in Probability (Page-249), An Introductions to Statistics (Page-269), An Introductions to Linear Programming (Page-341), Introduction to the Theory of Games (Page-397). | ||
| 650 | 0 | _aMathematics. | |
| 700 | 1 |
_aJohnson, Cheryl G., _9101931 |
|
| 942 |
_2ddc _cBK _k510,HIL |
||
| 999 |
_c180126 _d180126 |
||